| 000 | 01016cam a22003131 4500 | ||
|---|---|---|---|
| 001 | sa 68010039 | ||
| 003 | DLC | ||
| 005 | 20260227112549.0 | ||
| 008 | 820218s1967 ii b 000 0 eng | ||
| 010 | _asa 68010039 | ||
| 025 | _aPL480:I-E-9914 | ||
| 035 | _a(OCoLC)9799967 | ||
| 040 |
_aDLC _cMnSU _dDLC |
||
| 042 | _apremarc | ||
| 043 | _aa-ii--- | ||
| 050 | 0 | 0 |
_aSF967.B7 _bG3 |
| 082 | _a636.089/69/57 | ||
| 100 | 1 | _aGangulee, P. C. | |
| 245 | 1 | 0 |
_aProblems of brucellosis in India _c[by] P. C. Gangulee, G. L. Sharma and G. P. Sen. |
| 260 |
_aNew Delhi, _bIndian Council of Agricultural Research _c[1967] |
||
| 300 |
_a22 p. _c24 cm. |
||
| 490 | 1 |
_aI.C.A.R. technical bulletin (anim. husb.) _vno. 7 |
|
| 504 | _aBibliography: p. 18-22. | ||
| 650 | 0 | _aBrucellosis in cattle. | |
| 650 | 0 | _aBrucellosis. | |
| 700 | 1 |
_aSharma, G. L., _ejoint author. |
|
| 700 | 1 |
_aSen, G. P., _ejoint author. |
|
| 810 | 2 |
_aIndian Council of Agricultural Research. _tI.C.A.R. technical bulletin (anim. husb.) ; _vno. 7. |
|
| 999 |
_c83287 _d83287 |
||